Vocabulari Unitat 2 - Estadísticas

Estadísticas generales
  • Esta prueba ha sido intentada 7 veces
  • La puntuación promedio es 14 de 33
Estadísticas de respuestas
Paraula Significat % Correcto
Substantius βίος, -ου (ὁ) Vida
100%
Substantius ἄνθρωπος, -ου (ὁ) Home / Èsser humà / Persona
75%
Substantius λόγος, -ου (ὁ) Paraula / Discurs / Raó
75%
Adjectius Ἀθηναῖος, -α, -ον Atenés
50%
Adjectius καλός, -ή, -όν Bell / Bonic
50%
Substantius ὁδός, -οῦ (ἡ) Camí
50%
Substantius θεός, -οῦ (ὁ) Déu
50%
Verbs γράφω Escriure
50%
Adjectius μακρός, -ά, -ον Gran / Llarg
50%
Substantius νῆσος, -ου (ἡ) Illa
50%
Verbs βάλλω Llançar / Disparar
50%
Substantius νόμος, -ου (ὁ) Llei / Norma
50%
Substantius βιβλίον, -ου (τό) Llibre
50%
Substantius δῆμος, -ου (ὁ) Poble
50%
Verbs φέρω Portar / Suportar
50%
Adjectius σοφός, -ή, -όν Sabi
50%
Adjectius μόνος, -η, -ον Sol / Únic
50%
Verbs ἔχω Tindre
50%
Substantius πάρθενος, -ου (ἡ) Verge / Donzella
50%
Adjectius μικρός, -ά, -όν Xicotet / Menut
50%
Verbs λαμβάνω Agafar / Prendre
25%
Verbs ἀγγέλλω Anunciar
25%
Substantius ὅπλον, -ου (τό) Arma
25%
Adjectius ἀγαθός, -ή, -όν Bo
25%
Substantius πρόσωπον, -ου (τό) Cara / Màscara / Persona
25%
Verbs γιγνώσκω Conéixer
25%
Adjectius κακός, -ή, -ον Dolent
25%
Adjectius ἴσος, -η, -ον Igual / Equilibrat
25%
Adjectius δίκαιος, -α, -ον Just
25%
Adjectius αἰσχρός, -ά, -όν Lleig
25%
Substantius νόσος, -ου (ἡ) Malaltia
25%
Verbs ἄγω Portar / Conduir
25%
Substantius δῶρον, -ου (τό) Regal
25%
No se encontraron pruebas coincidentes
Distribución de puntuación
Porcentaje de gente con cada puntuación
Porcentaje por número respondido
Historial de tus puntuaciones
No has intentado esta prueba.